| 000 | 00783nam a2200205 a 4500 | ||
|---|---|---|---|
| 001 | 000024504 | ||
| 005 | 20200930023217.0 | ||
| 008 | 110128s1972 mx a r 001 0 spa d | ||
| 040 |
_aDO-SdBNP _bspa _cBNPHU |
||
| 082 |
_ann* _bnn* |
||
| 100 | 1 |
_aKnowles, Malcom. _950216 |
|
| 245 | 1 | 0 |
_aComo desarrollar mejores directores / _cMalcom y Hulda Knowles ; traducción de René Cárdenas Barrios. |
| 260 |
_aMéxico, D. F. : _bCentro Regional de Ayuda Técnica. Agencia para el Desarrollo Internacional ; _bDiana, _c1972. |
||
| 300 |
_a79 p. : _bil. ; _c18 cm. |
||
| 490 | 1 |
_aBiblioteca para el Director de Grupos. _v7 |
|
| 700 | 1 |
_aKnowles, Hulda. _950217 |
|
| 700 | 1 |
_aCárdenas Barrios, René, _etr. _912537 |
|
| 830 | 0 |
_aBiblioteca para el Director de Grupos _v7 _950218 |
|
| 049 | _aBNGR | ||
| 999 |
_c23997 _d23997 |
||